000 00704nam a22002417a 4500
003 dpl
005 20180730145458.0
008 161217b xxu||||| |||| 00| 0 eng d
010 _aB-167172
020 _c275.00
_a8175300558
035 _aB-167172, B-213949
037 _bCen Lib/Ret
040 _aDPL
_bEN
_ctit
082 _aN
_bBIR
100 _aBirjepatil, Jaysinh
_928408
245 _aChinnery's hotel /
_cby Jaysinh Birjepatil
260 _aNew Delhi
_bRavi Dayal Publishers
_c2004
270 _a51-E,Sujan Singh Park
_bNew Delhi
_e110003
300 _axi,261p.
_c21cm(Hb)
650 _aIndic fiction (English)
_96137
650 _aManners and customs
_928409
942 _2ddc
_cEN
_hN
_mBIR
999 _c130140
_d130140